| 000 | 00554cam a2200169 4500 | ||
|---|---|---|---|
| 001 | ##L134159 | ||
| 008 | 060713n1956 000 0 eng u | ||
| 035 | _a(Sirsi) u134159 | ||
| 041 | 0 | _aeng | |
| 050 | 0 | 4 | _a333.0062 $2 18 |
| 110 | 2 |
_aRoyal Institution of Chartered Surveyors _94900 |
|
| 245 | 0 | 0 | _aConstitution and regulations of the quantity surveyors' sections of the branches |
| 260 |
_aLondon _bRICS _c1956 |
||
| 300 |
_a4p. _c22cm. |
||
| 690 | _aABOUT RICS-RICS STRUCTURE AND GOVERNANCE-RICS REGULATIONS-RICS CONDUCT REGULATIONS | ||
| 942 | _n0 | ||
| 999 |
_c105571 _d105571 |
||